000 00344 a2200157 4500
001 56578
020 _a9788516060411
040 _cAnchieta - Pituba
100 _aAlonso, Erika
240 1 0 _aO colapso dos bibelôs
_lpor
245 1 0 _aO colapso dos bibelôs
300 _a72
362 0 _a2008
650 4 _aLiteratura juvenil
942 _cBK
999 _c56578
_d56578